000 00473nab a2200145Ia 4500
003 ES-SlBCS
005 20210601125450.0
008 140529s1982-83 xxu||||| |||| 00| 0 eng d
041 _aeng
100 1 _aFerejohn, Michael T.
_9132596
245 0 0 _aDefinition and the Two Stages of Aristotelian Demostration
_c Michael T. Ferejohn
600 0 4 _aAristóteles-Demostración
_9131724
773 0 _tReview of Methaphysics
_gvol. 36, 1982-83, págs. 375-396
_wRev843
942 _cAR
999 _c530789
_d530789